Les Biblioteques populars de la Generalitat de Catalunya : notes bibliogràfiques per a llur història / per Concepció de Balanzó notes bibliogràfiques per a llur història / per Concepció de Balanzó
Descripción Física:
201 p., [18] f. de làm. ; 21 cm
Colección:
Quaderns de treball ; 3
MARC
| LEADER | 00000nam a2200000Ia 4500 | ||
|---|---|---|---|
| 001 | 8745 | ||
| 008 | 160829s1935 xx 000 0 cat d | ||
| 080 | |a A-2-83 | ||
| 100 | |a Balanzó, Concepció de |9 20561 | ||
| 245 | |a Les Biblioteques populars de la Generalitat de Catalunya : |b notes bibliogràfiques per a llur història / per Concepció de Balanzó | ||
| 260 | |a Barcelona : |b Escola de Bibliotecàries de la Generalitat de Catalunya, |c 1935 | ||
| 300 | |a 201 p., [18] f. de làm. ; |c 21 cm | ||
| 490 | |a Quaderns de treball ; 3 | ||
| 650 | |a Biblioteques públiques |x Catalunya |x 1931/1939 |9 20562 | ||
| 710 | 2 | |a Escola de Bibliotecàries |9 54304 | |
| 901 | |a Arxiu | ||
| 942 | |n 1 | ||
| 952 | |0 0 |1 0 |4 0 |6 A283 |7 1 |9 41587 |a Arxiu |b Arxiu |d 2016-12-01 |l 0 |o A-2-83 |p 8745 |r 2016-12-01 00:00:00 |w 2016-12-01 |y ARXIU | ||
| 999 | |c 43477 |d 43477 | ||